00262nam a2200097 a 450000500170000000800410001705000170005810000240007524500280009926000370012720140414132029.0110317s19uu xx 00 eng d aTRbL62 2008 aPaterson, Katherine aThe light of the world. aNew York :bScholastic ,c2008.